[Event "12th Africa-ch"]
[Site "Kampala UGA"]
[Date "2016.07.19"]
[Round "3"]
[White "Adly, Ahmed"]
[Black "Hesham, Abdelrahman"]
[Result "1-0"]
[WhiteElo "2607"]
[BlackElo "2400"]
[EventDate "2016.07.17"]
[PlyCount "57"]

1.Nf3 d5 2.g3 Nf6 3.Bg2 e6 4.O-O Be7 5.d3 a5 6.Nbd2 a4 7.a3 Nc6 8.e4 dxe4 
9.dxe4 e5 10.b4 axb3 11.cxb3 Be6 12.Bb2 Nd7 13.b4 f6 14.Qc2 Nb6 15.Rfd1 
Qb8 16.Rac1 Kf7 17.Bf1 Rd8 18.Bb5 Na7 19.Be2 c6 20.Nc4 Rxd1+ 21.Rxd1 Nxc4 
22.Bxc4 Qc8 23.Bxe5 fxe5 24.Rd7 Kf6 25.Bxe6 Kxe6 26.Nxe5 Kxe5 27.Rxe7+ Kf6
28.Qc5 Qb8 29.Rd7 1-0

[Event "12th Africa-ch"]
[Site "Kampala UGA"]
[Date "2016.07.19"]
[Round "3"]
[White "Oussedik, Mahfoud"]
[Black "Ameir, Moheb"]
[Result "1-0"]
[WhiteElo "2299"]
[BlackElo "2438"]
[EventDate "2016.07.17"]
[PlyCount "82"]

1.Nf3 c5 2.c4 Nc6 3.d4 cxd4 4.Nxd4 g6 5.e4 Bg7 6.Be3 Nf6 7.Nc3 d6 8.Be2 
O-O 9.O-O Bd7 10.Nb3 a5 11.a4 Nb4 12.f3 Bc6 13.c5 dxc5 14.Qxd8 Rfxd8 15.
Bxc5 Nd7 16.Bxe7 Re8 17.Bd6 Nc2 18.Rac1 Nd4 19.Nxd4 Bxd4+ 20.Kh1 Bxc3 21.
Rxc3 Bxa4 22.Ra1 Bc6 23.Kg1 Kg7 24.Kf2 f6 25.Rca3 a4 26.Bd1 Nb6 27.b3 axb3
28.Bxb3 Rac8 29.Ra7 Red8 30.e5 fxe5 31.Bxe5+ Kh6 32.Be6 Rd2+ 33.Kg3 Re2 
34.Bxc8 Nxc8 35.R7a5 Ne7 36.R1a2 Re1 37.Kf2 Rb1 38.Bd6 Nf5 39.Bf8+ Kg5 40.
g4 b6 41.h4+ Kf4 1-0

[Event "12th Africa-ch"]
[Site "Kampala UGA"]
[Date "2016.07.19"]
[Round "3"]
[White "Kawuma, Patrick"]
[Black "Cawdery, Daniel"]
[Result "0-1"]
[WhiteElo "2247"]
[BlackElo "2412"]
[EventDate "2016.07.17"]
[PlyCount "33"]

1.d4 Nf6 2.Nf3 g6 3.c4 Bg7 4.Nc3 d5 5.cxd5 Nxd5 6.e4 Nxc3 7.bxc3 c5 8.Be3 
Bg4 9.Rb1 Nc6 10.Be2 Bxf3 11.Bxf3 cxd4 12.cxd4 Bxd4 13.Bxd4 Nxd4 14.Rxb7 
Nxf3+ 15.gxf3 Qa5+ 16.Qd2 Qxd2+ 17.Kxd2 0-1

[Event "12th Africa-ch"]
[Site "Kampala UGA"]
[Date "2016.07.19"]
[Round "3"]
[White "Ssegwanyi, Arthur"]
[Black "Talbi, Chafik"]
[Result "1-0"]
[WhiteElo "2366"]
[BlackElo "2206"]
[EventDate "2016.07.17"]
[PlyCount "105"]

1.e4 c5 2.Nc3 Nc6 3.f4 g6 4.Nf3 Bg7 5.Bc4 e6 6.f5 Nge7 7.fxe6 dxe6 8.d3 a6
9.a4 Nd4 10.O-O Nec6 11.Bg5 Nxf3+ 12.Qxf3 Bd4+ 13.Be3 Ne5 14.Qf2 Rf8 15.
Nd1 Ng4 16.Qg3 Nxe3 17.Nxe3 Bxb2 18.Rab1 Bd4 19.Kh1 h5 20.Nd1 Bg7 21.Nf2 
Qd4 22.Nh3 Qe5 23.Qe1 Bf6 24.Ng1 Be7 25.Qa5 Bd8 26.Qe1 Qc7 27.Qe3 Bd7 28.
a5 g5 29.Ne2 h4 30.Qf3 Be7 31.Rb6 Bc6 32.Rfb1 Qe5 33.Kg1 Bd8 34.Rxc6 bxc6 
35.c3 Bc7 36.h3 Bxa5 37.d4 cxd4 38.cxd4 Qd6 39.e5 Qd7 40.Bd3 Bd8 41.Be4 
Rc8 42.Rc1 Rg8 43.Bxc6 Rxc6 44.Rxc6 a5 45.Rd6 Qc8 46.Nc3 Kf8 47.Rc6 Qd7 
48.d5 exd5 49.e6 Qa7+ 50.Kh1 Kg7 51.Nxd5 fxe6 52.Nc7 Re8 53.Nxe8+ 1-0

[Event "12th Africa-ch"]
[Site "Kampala UGA"]
[Date "2016.07.19"]
[Round "3"]
[White "Aguiar, Cristiano"]
[Black "Aderito, Pedro"]
[Result "0-1"]
[WhiteElo "2219"]
[BlackElo "2318"]
[EventDate "2016.07.17"]
[PlyCount "79"]

1.d4 Nf6 2.Bg5 c5 3.d5 d6 4.Nc3 Nbd7 5.e4 a6 6.a4 g6 7.Nf3 Bg7 8.Nd2 h6 9.
Bh4 O-O 10.Ra3 e6 11.Nc4 Rb8 12.Bd3 b5 13.axb5 axb5 14.Na5 c4 15.Nc6 Qb6 
16.Nxb8 Qxb8 17.Ra5 cxd3 18.Qxd3 b4 19.Rb5 Qa7 20.Rxb4 Ne5 21.Qe3 Qa1+ 22.
Nd1 Ba6 23.f3 Re8 24.Kd2 Qb1 25.c4 g5 26.Nf2 Qa2 27.Bg3 Bxc4 28.Rc1 Ba6 
29.Qa3 Qxa3 30.bxa3 Nfd7 31.a4 Ra8 32.h4 Kh7 33.hxg5 hxg5 34.Rh1+ Kg6 35.
Ng4 Nd3 36.Rb3 N3c5 37.Ra3 Rb8 38.Ke3 Rb2 39.f4 gxf4+ 40.Bxf4 0-1

[Event "12th Africa-ch"]
[Site "Kampala UGA"]
[Date "2016.07.19"]
[Round "3"]
[White "Magana, Benjamin"]
[Black "Silva, David"]
[Result "1-0"]
[WhiteElo "2149"]
[BlackElo "2305"]
[EventDate "2016.07.17"]
[PlyCount "49"]

1.e4 e5 2.Nf3 Nc6 3.Bb5 g6 4.O-O Bg7 5.c3 d6 6.d4 a6 7.Bxc6+ bxc6 8.dxe5 
dxe5 9.Qa4 Bd7 10.Nbd2 Nh6 11.Nb3 f6 12.Bxh6 Bxh6 13.Nc5 Qe7 14.Nxd7 Qxd7 
15.Qc4 Bf8 16.Rad1 Bd6 17.Nd2 Kf8 18.Nb3 Ra7 19.Na5 c5 20.Qxc5 Bxc5 21.
Rxd7 Ke8 22.Rfd1 Ra8 23.R7d5 Be7 24.Nc6 Bd6 25.c4 1-0

[Event "12th Africa-ch"]
[Site "Kampala UGA"]
[Date "2016.07.19"]
[Round "3"]
[White "Farouk, Fauza"]
[Black "Roberto Soares, Erikson"]
[Result "1/2-1/2"]
[WhiteElo "2093"]
[BlackElo "2282"]
[EventDate "2016.07.17"]
[PlyCount "83"]

1.e4 e6 2.d4 d5 3.exd5 exd5 4.Nf3 Bd6 5.Bd3 Ne7 6.O-O O-O 7.Nbd2 Bf5 8.
Bxf5 Nxf5 9.Re1 Nd7 10.c3 c6 11.Nf1 Qf6 12.Bg5 Qg6 13.Qd3 h6 14.Bd2 Nh4 
15.Qxg6 Nxf3+ 16.gxf3 fxg6 17.Re6 Rf6 18.Rxf6 Nxf6 19.Re1 Kf7 20.Kg2 b5 
21.b3 Rc8 22.c4 bxc4 23.bxc4 c5 24.dxc5 Rxc5 25.cxd5 Nxd5 26.Rb1 Rc7 27.
Ne3 Nf4+ 28.Kf1 Ke6 29.Ng2 Nxg2 30.Kxg2 Rc2 31.Be3 a5 32.Rb7 Be5 33.Rb6+ 
Kf7 34.Rb5 Bc7 35.Rc5 Rxc5 36.Bxc5 Ke6 37.Bf8 Kf7 38.Bc5 Be5 39.Be3 g5 40.
h3 Ke6 41.Kf1 Kf6 42.Bd2 1/2-1/2

[Event "12th Africa-ch"]
[Site "Kampala UGA"]
[Date "2016.07.19"]
[Round "3"]
[White "Wanyama, Harold"]
[Black "Gonza, Simon"]
[Result "0-1"]
[WhiteElo "2269"]
[BlackElo "2097"]
[EventDate "2016.07.17"]
[PlyCount "90"]

1.Nf3 Nf6 2.c4 g6 3.Nc3 Bg7 4.e4 d6 5.d4 O-O 6.Be2 e5 7.O-O Nbd7 8.Re1 c6 
9.Bf1 Re8 10.d5 c5 11.a3 Nf8 12.b4 b6 13.Rb1 Bd7 14.Nb5 Bxb5 15.cxb5 N8d7 
16.Nd2 Bh6 17.Nc4 Bxc1 18.Rxc1 Qe7 19.g3 Kg7 20.Bg2 a6 21.bxc5 Nxc5 22.
Nxb6 Rab8 23.Na4 axb5 24.Nxc5 dxc5 25.Re3 Qd6 26.Rec3 Rec8 27.Qc2 c4 28.a4
bxa4 29.Qxa4 Rb4 30.Qa2 Qc5 31.Qe2 Ne8 32.Bf1 Nd6 33.Kg2 Qd4 34.f3 Rcb8 
35.R3c2 Rb2 36.Qf2 Rxc2 37.Rxc2 c3 38.Qxd4 exd4 39.Rc1 Rb2+ 40.Kh3 f6 41.
Re1 Rf2 42.f4 Rxf1 43.Rxf1 Nxe4 44.Re1 f5 45.d6 Kf7 0-1

[Event "12th Africa-ch"]
[Site "Kampala UGA"]
[Date "2016.07.19"]
[Round "3"]
[White "Kamoga, Rajab"]
[Black "Panchol, James Madol"]
[Result "1-0"]
[WhiteElo "2087"]
[BlackElo "2037"]
[EventDate "2016.07.17"]
[PlyCount "115"]

1.e4 d5 2.exd5 Nf6 3.d4 Nxd5 4.c4 Nb6 5.Nc3 e5 6.d5 Bb4 7.Qb3 c5 8.a3 
Bxc3+ 9.Qxc3 O-O 10.Be3 N8d7 11.Nf3 e4 12.Ng5 Qe7 13.Qc2 Nf6 14.Be2 Re8 
15.O-O-O Ng4 16.Bxg4 Bxg4 17.f3 Bf5 18.Rhe1 Bg6 19.Nxe4 Qc7 20.d6 Qc6 21.
g4 Nd7 22.h4 h6 23.h5 Bxe4 24.fxe4 Rxe4 25.Bd2 Rae8 26.Rxe4 Rxe4 27.Bc3 
Rxg4 28.Qe2 Qe4 29.Re1 f5 30.Qc2 Qxc2+ 31.Kxc2 Re4 32.Rg1 Rg4 33.Re1 f4 
34.Re8+ Kf7 35.Re7+ Kf8 36.Rxd7 f3 37.Rd8+ Kf7 38.d7 Ke7 39.Rf8 Kxd7 40.
Rxf3 Ke6 41.Kd3 a6 42.a4 b6 43.Rf8 Rg3+ 44.Kc2 Rg2+ 45.Kb3 Rg5 46.Rb8 b5 
47.axb5 axb5 48.Rxb5 Rxh5 49.Bxg7 Kd7 50.Bf8 Kc6 51.Ka4 Rg5 52.Bxh6 Rg4 
53.b3 Rg1 54.Ka3 Ra1+ 55.Kb2 Rh1 56.Be3 Rh5 57.Kc3 Re5 58.Rxc5+ 1-0

[Event "12th Africa-ch"]
[Site "Kampala UGA"]
[Date "2016.07.19"]
[Round "3"]
[White "Alberto, Manuel"]
[Black "Kigigha, Bomo"]
[Result "0-1"]
[WhiteElo "2191"]
[BlackElo "2344"]
[EventDate "2016.07.17"]
[PlyCount "140"]

1.e4 c5 2.Nf3 Nc6 3.Bb5 Qb6 4.Nc3 e6 5.O-O Nge7 6.Re1 a6 7.Bf1 g6 8.Ne2 
Bg7 9.Ng3 O-O 10.c3 e5 11.d3 d5 12.Rb1 h6 13.a3 dxe4 14.Nxe4 f5 15.Ned2 
Be6 16.Qa4 Qc7 17.Qc2 g5 18.h4 g4 19.Nh2 Ng6 20.g3 Rad8 21.Be2 h5 22.Nb3 
Qb6 23.Nd2 Rd7 24.Nhf1 Rdf7 25.Nc4 Qd8 26.Bg5 Bf6 27.Bh6 Re8 28.Qc1 f4 29.
d4 cxd4 30.Bd3 Nce7 31.Qc2 Kh7 32.Bxf4 exf4 33.Rxe6 Kg7 34.Nd6 Ref8 35.
Rbe1 Qc7 36.Bxg6 Nxg6 37.Nxf7 Qxf7 38.cxd4 Bxd4 39.Qd2 Ba7 40.R1e2 Bxf2+ 
41.Kh1 fxg3 42.Qc3+ Kh6 43.Nxg3 Qf3+ 44.Qxf3 Rxf3 45.Ne4 Bxh4 46.Rd2 Rf7 
47.Rdd6 Rg7 48.Re5 Be7 49.Rb6 Bd8 50.Rbe6 Bc7 51.Rc5 Rf7 52.Nf6 Nf4 53.
Nxg4+ Kg7 54.Re4 hxg4 55.Rxc7 Rxc7 56.Rxf4 Rc1+ 57.Kh2 Rc2+ 58.Kg3 Rxb2 
59.Kxg4 Rb3 60.a4 Kg6 61.Rc4 Kf6 62.Kf4 Ke6 63.Ke4 Kd6 64.Kd4 Rh3 65.Rb4 
Rh4+ 66.Kc3 Rxb4 67.Kxb4 Kd5 68.Ka5 Kc4 69.Kb6 Kb4 70.Kxb7 a5 0-1

[Event "12th Africa-ch"]
[Site "Kampala UGA"]
[Date "2016.07.19"]
[Round "3"]
[White "Bouah, Lyndon"]
[Black "Anquandah, Frances"]
[Result "1/2-1/2"]
[WhiteElo "2124"]
[BlackElo "2019"]
[EventDate "2016.07.17"]
[PlyCount "154"]

1.d4 Nf6 2.c4 e5 3.dxe5 Ng4 4.Bf4 Nc6 5.Nf3 Bb4+ 6.Nbd2 Qe7 7.a3 Ngxe5 8.
Nxe5 Nxe5 9.e3 Bxd2+ 10.Qxd2 d6 11.Be2 O-O 12.O-O b6 13.Rfd1 Bb7 14.Rac1 
a5 15.Bg3 a4 16.Qd4 Nd7 17.Qh4 Rfe8 18.Qxe7 Rxe7 19.Rc3 Nc5 20.f3 Rae8 21.
Bf2 h6 22.Bf1 f5 23.Re1 Re6 24.Bd3 Nxd3 25.Rxd3 Kf7 26.Rd4 g5 27.Red1 Bc6 
28.R1d2 Kg6 29.h3 h5 30.Kh2 Kf6 31.Kg1 Rg8 32.R2d3 Kg6 33.Be1 Rge8 34.Kf2 
Rd8 35.Bb4 Rde8 36.Bd2 Bd7 37.Rc3 Bc6 38.Rc1 Kf7 39.Re1 Rg6 40.Bc3 g4 41.
hxg4 hxg4 42.fxg4 Be4 43.gxf5 Rxg2+ 44.Kf1 Rh2 45.Re2 Rh1+ 46.Kf2 Reh8 47.
Rxe4 R8h2+ 48.Kg3 Rxe2 49.f6 Rf1 50.Re7+ Kf8 51.Rxc7 Rxe3+ 52.Kg2 Rf5 53.
Rc6 Re4 54.Rxd6 Rg4+ 55.Kh3 Rg1 56.Kh2 Rg6 57.Rd3 Rh5+ 58.Rh3 Rxh3+ 59.
Kxh3 Kf7 60.Kh4 Rg8 61.c5 bxc5 62.Kh5 Ke6 63.Kh4 Kf5 64.Kh3 Ke4 65.Kh4 Kf4
66.Bd2+ Kf5 67.Bc3 Ke6 68.Kh3 Rg6 69.Kh4 Kf7 70.Kh3 Rxf6 71.Bxf6 Kxf6 72.
Kg3 Ke5 73.Kf3 Kd4 74.Ke2 Kc4 75.Kd2 Kb3 76.Kc1 c4 77.Kb1 c3 1/2-1/2

[Event "12th Africa-ch"]
[Site "Kampala UGA"]
[Date "2016.07.19"]
[Round "3"]
[White "Mwangi, Martin Njoroge"]
[Black "Mohamud, Hussein Ali"]
[Result "0-1"]
[WhiteElo "1785"]
[BlackElo "1557"]
[EventDate "2016.07.17"]
[PlyCount "96"]

1.Nf3 Nf6 2.g3 Nc6 3.Bg2 e5 4.d3 d5 5.O-O Bc5 6.e3 Bg4 7.h3 Bxf3 8.Bxf3 
O-O 9.Nd2 Qd7 10.Bg2 Rad8 11.a3 a5 12.b3 Rfe8 13.Bb2 Qf5 14.Qe2 h5 15.c3 
e4 16.d4 Bd6 17.c4 dxc4 18.Nxc4 b5 19.Nxd6 Rxd6 20.Rac1 b4 21.a4 Qe6 22.
Qc4 Nd5 23.Qe2 Nf6 24.Rc4 Ne7 25.Qc2 Ned5 26.Rc1 Ra8 27.Bf1 Nh7 28.Bg2 f5 
29.Qe2 Nhf6 30.Qd1 g5 31.Qc2 Ra7 32.Re1 g4 33.hxg4 hxg4 34.Rc1 Nh7 35.Rc6 
Ra6 36.Rxa6 Rxa6 37.Bf1 Rb6 38.Bc4 Ng5 39.Kg2 c6 40.Bxd5 Qxd5 41.Qc5 Ra6 
42.Qxd5+ cxd5 43.Rc5 Nf3 44.Bc1 Rh6 45.Bd2 Nxd2 46.Rxa5 Nf3 47.Ra8+ Kf7 
48.Ra7+ Ke8 0-1

[Event "12th Africa-ch"]
[Site "Kampala UGA"]
[Date "2016.07.19"]
[Round "4"]
[White "Adly, Ahmed"]
[Black "Arab, Adlane"]
[Result "1-0"]
[WhiteElo "2607"]
[BlackElo "2482"]
[EventDate "2016.07.17"]
[PlyCount "63"]

1.c4 Nf6 2.Nf3 c6 3.Nc3 d5 4.d4 e6 5.e3 Nbd7 6.Qc2 Bd6 7.g4 Bb4 8.Bd2 dxc4
9.Bxc4 Nd5 10.e4 Nxc3 11.bxc3 Be7 12.a4 Qc7 13.g5 c5 14.a5 Rb8 15.Qd3 Bd6 
16.h4 Bf4 17.e5 Bxd2+ 18.Nxd2 cxd4 19.cxd4 b5 20.Bxb5 O-O 21.O-O Rxb5 22.
Qxb5 Qc3 23.Rfd1 Qxd4 24.Ra4 Qxe5 25.Qxe5 Nxe5 26.f4 Ng6 27.Nf3 Bb7 28.Ne5
Nxe5 29.fxe5 h6 30.gxh6 Rc8 31.Rg4 g6 32.Rd7 1-0

[Event "12th Africa-ch"]
[Site "Kampala UGA"]
[Date "2016.07.19"]
[Round "4"]
[White "Shoker, Samy"]
[Black "Oussedik, Mahfoud"]
[Result "1-0"]
[WhiteElo "2489"]
[BlackElo "2299"]
[EventDate "2016.07.17"]
[PlyCount "83"]

1.g3 g6 2.Bg2 Bg7 3.c4 d6 4.Nc3 c5 5.a3 Nc6 6.Rb1 e6 7.d3 Nge7 8.Bd2 O-O 
9.Qc1 b6 10.Bh6 Bb7 11.h4 Bxh6 12.Qxh6 Nf5 13.Qd2 Qe7 14.Kf1 Ne5 15.Nh3 
Rad8 16.h5 d5 17.Qf4 f6 18.cxd5 exd5 19.Rh2 Ng7 20.hxg6 hxg6 21.Ng1 g5 22.
Qa4 Bc6 23.Qb3 Qe6 24.Rh1 d4 25.Qxe6+ Nxe6 26.Bxc6 Nxc6 27.Ne4 Ne5 28.Nd2 
g4 29.f4 gxf3 30.Ngxf3 Ng4 31.Rh4 f5 32.b4 Rc8 33.Nc4 Kg7 34.Ke1 Kf6 35.
Kd2 Rc7 36.bxc5 bxc5 37.Rh5 f4 38.gxf4 Nxf4 39.Rh4 Rg8 40.Rf1 Ng2 41.Nfe5+
Ke6 42.Rxg4 1-0

[Event "12th Africa-ch"]
[Site "Kampala UGA"]
[Date "2016.07.19"]
[Round "4"]
[White "Cawdery, Daniel"]
[Black "El-Gindy, Essam"]
[Result "0-1"]
[WhiteElo "2412"]
[BlackElo "2431"]
[EventDate "2016.07.17"]
[PlyCount "155"]

1.e4 c5 2.Nf3 Nc6 3.Nc3 e5 4.Bc4 Be7 5.d3 d6 6.Nd2 Nf6 7.Nf1 Bg4 8.Qd2 Be6
9.Ne3 O-O 10.Ncd5 Rb8 11.a4 h6 12.O-O Nh5 13.Qd1 Nf6 14.c3 Nh7 15.g3 Bf6 
16.Qf3 Bg5 17.h4 Bxe3 18.Bxe3 Kh8 19.Qg2 Qd7 20.Kh2 f5 21.exf5 Bxf5 22.f3 
Nf6 23.Nxf6 Rxf6 24.g4 d5 25.Bb5 Bh7 26.Bxc5 a6 27.Bxc6 Qxc6 28.d4 Re6 29.
a5 Rbe8 30.b4 Bd3 31.dxe5 Bxf1 32.Rxf1 Rxe5 33.Rf2 Qb5 34.Bd4 Re2 35.Kh3 
Qd3 36.Rxe2 Rxe2 37.Qh1 Kg8 38.Kg3 Qd2 39.h5 Re1 40.Qh2 Qd3 41.Qa2 Qc4 42.
Qd2 Qc7+ 43.Qf4 Qd7 44.Qb8+ Re8 45.Qf4 Rf8 46.Qe5 Qf7 47.Qe3 Re8 48.Qf4 
Qe6 49.Qd2 Qe7 50.Kg2 Qe2+ 51.Qxe2 Rxe2+ 52.Kg3 Kf7 53.f4 g6 54.hxg6+ Kxg6
55.Kf3 Re1 56.Kf2 Re4 57.Kf3 Kh7 58.Kg3 Re1 59.Kf2 Re8 60.Kf3 Re4 61.Kg3 
Kg8 62.Kh3 Re1 63.Kg2 Rd1 64.Kg3 Rd3+ 65.Kg2 Kf8 66.Kf2 Kf7 67.Kg2 Kg8 68.
Kf2 h5 69.g5 h4 70.g6 Rg3 71.Bf6 Rg4 72.Kf3 h3 73.Kxg4 h2 74.Bd4 h1=Q 75.
Kg5 Qg2+ 76.Kf6 Qg4 77.Be5 d4 78.cxd4 0-1

[Event "12th Africa-ch"]
[Site "Kampala UGA"]
[Date "2016.07.19"]
[Round "4"]
[White "Kayonde, Andrew"]
[Black "Aderito, Pedro"]
[Result "1-0"]
[WhiteElo "2404"]
[BlackElo "2318"]
[EventDate "2016.07.17"]
[PlyCount "46"]

1.d4 Nf6 2.c4 g6 3.Nc3 Bg7 4.e4 d6 5.f4 O-O 6.Nf3 c5 7.d5 b5 8.cxb5 a6 9.
a4 axb5 10.Bxb5 Ba6 11.Rb1 Bxb5 12.axb5 Qa5 13.O-O Ne8 14.Bd2 Qb4 15.Ra1 
Rxa1 16.Qxa1 Nc7 17.Qa7 Nxb5 18.Nxb5 Qxb5 19.Qxe7 Re8 20.Qxd6 Rxe4 21.Ne5 
Qe8 22.Bc3 f6 23.Ra1 Bf8 1-0

[Event "12th Africa-ch"]
[Site "Kampala UGA"]
[Date "2016.07.19"]
[Round "4"]
[White "Gonza, Simon"]
[Black "Ssegwanyi, Arthur"]
[Result "0-1"]
[WhiteElo "2097"]
[BlackElo "2366"]
[EventDate "2016.07.17"]
[PlyCount "72"]

1.e4 e5 2.Nf3 Nc6 3.Bc4 Nf6 4.d3 Bc5 5.h3 d6 6.c3 Ne7 7.Bb3 Ng6 8.g3 Bb6 
9.Nbd2 c6 10.Qe2 O-O 11.Nc4 Bc7 12.Bg5 a5 13.h4 a4 14.Bc2 d5 15.Ne3 Qd6 
16.Bxf6 Qxf6 17.exd5 a3 18.b4 Re8 19.Nd2 Nf4 20.Ne4 Qd8 21.gxf4 exf4 22.
Ng4 Bxg4 23.Qxg4 cxd5 24.f3 dxe4 25.fxe4 Be5 26.d4 Qc7 27.O-O Qxc3 28.dxe5
Qxc2 29.Qxf4 Re7 30.Rf2 Qc3 31.Rc1 Qxb4 32.Rg2 Qd4+ 33.Rf2 Rf8 34.e6 g6 
35.exf7+ Rexf7 36.Qd2 Qxf2+ 0-1

[Event "12th Africa-ch"]
[Site "Kampala UGA"]
[Date "2016.07.19"]
[Round "4"]
[White "Hesham, Abdelrahman"]
[Black "Magana, Benjamin"]
[Result "1-0"]
[WhiteElo "2400"]
[BlackElo "2149"]
[EventDate "2016.07.17"]
[PlyCount "63"]

1.d4 d5 2.c4 e5 3.dxe5 d4 4.Nf3 Nc6 5.a3 Nge7 6.b4 Ng6 7.Bb2 a5 8.b5 Ncxe5
9.Nxe5 Nxe5 10.Bxd4 Nxc4 11.e3 Be6 12.Qc2 Nd6 13.Bd3 Qg5 14.f4 Qh4+ 15.g3 
Qh5 16.O-O Nxb5 17.f5 Bd7 18.Bxb5 Bxb5 19.Qe4+ Be7 20.Qxb7 Bxf1 21.Qxa8+ 
Kd7 22.Qd5+ Bd6 23.Kxf1 Qxh2 24.Qg2 Qxg3 25.Qxg3 Bxg3 26.Bxg7 Rg8 27.Bd4 
Rg5 28.e4 h5 29.Nc3 h4 30.Ne2 Bd6 31.Kf2 h3 32.a4 1-0

[Event "12th Africa-ch"]
[Site "Kampala UGA"]
[Date "2016.07.19"]
[Round "4"]
[White "Ameir, Moheb"]
[Black "Kawuma, Patrick"]
[Result "1-0"]
[WhiteElo "2438"]
[BlackElo "2247"]
[EventDate "2016.07.17"]
[PlyCount "86"]

1.e4 c5 2.Nf3 d6 3.Bb5+ Bd7 4.Bxd7+ Nxd7 5.O-O Ngf6 6.Qe2 e6 7.b3 Be7 8.
Bb2 O-O 9.c4 Qc7 10.d4 cxd4 11.Nxd4 a6 12.Nc3 Rfe8 13.Rac1 Rac8 14.Kh1 Qc5
15.Rfd1 Qg5 16.g3 Nc5 17.f3 Bf8 18.Rc2 h5 19.Qd2 Qg6 20.Nde2 b5 21.Nf4 Qh7
22.cxb5 axb5 23.Rdc1 Rb8 24.h4 b4 25.Nd1 Nfd7 26.Ne3 Ne5 27.Rxc5 Nxf3 28.
Qf2 dxc5 29.Qxf3 Ra8 30.Nxh5 Kh8 31.Nc4 f6 32.e5 f5 33.Nd6 Reb8 34.Nf7+ 
Kg8 35.Ng5 Qh6 36.Nf4 Rxa2 37.Nfxe6 Qg6 38.Qd5 Kh8 39.Nf4 Qe8 40.Nf7+ Kh7 
41.e6 c4 42.Qxf5+ Kg8 43.Ng5 Qxe6 1-0

[Event "12th Africa-ch"]
[Site "Kampala UGA"]
[Date "2016.07.19"]
[Round "4"]
[White "Kigigha, Bomo"]
[Black "Farouk, Fauza"]
[Result "1-0"]
[WhiteElo "2344"]
[BlackElo "2093"]
[EventDate "2016.07.17"]
[PlyCount "113"]

1.c4 e6 2.Nf3 Nf6 3.g3 Be7 4.Bg2 O-O 5.O-O d5 6.b3 a5 7.a3 Nc6 8.Bb2 Ra6 
9.Nc3 d4 10.Nb5 e5 11.e3 Bg4 12.h3 Bxf3 13.Bxf3 Bc5 14.exd4 exd4 15.Re1 
Qd7 16.Bg4 Qd8 17.Qf3 Re8 18.Qf4 Bd6 19.Nxd6 Qxd6 20.Rxe8+ Nxe8 21.Re1 Nf6
22.Qxd6 cxd6 23.Bd1 Ra8 24.g4 h6 25.f4 Nd7 26.Bc2 Nc5 27.d3 Kf8 28.Kf2 f6 
29.Bc1 Kf7 30.Bd2 Kf8 31.Re2 Kf7 32.b4 axb4 33.axb4 Nd7 34.Kf3 g5 35.Rf2 
Ra2 36.Be1 gxf4 37.Kxf4 Ra1 38.Re2 Nce5 39.Ke4 b5 40.cxb5 Nb6 41.Bf2 Rh1 
42.Bxd4 d5+ 43.Kf4 Nbd7 44.Kg3 Ke6 45.Kg2 Rc1 46.Bb2 Rxc2 47.Rxc2 Nxd3 48.
Rc6+ Ke7 49.Bc3 d4 50.Bxd4 Nxb4 51.Bc5+ Nxc5 52.Rxc5 Nd3 53.Rc3 Nf4+ 54.
Kh2 Nd5 55.Rc1 Kd6 56.Kg3 Nb4 57.b6 1-0

[Event "12th Africa-ch"]
[Site "Kampala UGA"]
[Date "2016.07.19"]
[Round "4"]
[White "Roberto Soares, Erikson"]
[Black "Kamoga, Rajab"]
[Result "1-0"]
[WhiteElo "2282"]
[BlackElo "2087"]
[EventDate "2016.07.17"]
[PlyCount "101"]

1.Nf3 d5 2.g3 c6 3.Bg2 e6 4.d4 f5 5.c4 Nf6 6.Nc3 Bd6 7.O-O Nbd7 8.Qc2 O-O 
9.cxd5 cxd5 10.Nb5 Bb8 11.Bf4 Bxf4 12.gxf4 Nb6 13.Nc7 Rb8 14.Ng5 Qd6 15.
Qc5 Rd8 16.Nb5 Qxf4 17.Qe7 Rf8 18.Nxe6 Bxe6 19.Qxe6+ Kh8 20.e3 Qh4 21.Nd6 
Ng4 22.h3 Qf6 23.Qxf6 Rxf6 24.Nxf5 Rxf5 25.hxg4 Rg5 26.Bh3 Rg6 27.b3 Rc8 
28.Rfc1 Rgc6 29.Rxc6 Rxc6 30.Bg2 g5 31.a4 a5 32.Rb1 Rc7 33.b4 Nxa4 34.bxa5
Nc3 35.Rb6 Rd7 36.Kf1 Kg7 37.Ke1 h6 38.Kd2 Rc7 39.Rb3 Ne4+ 40.Bxe4 dxe4 
41.Rb5 Re7 42.Ke2 Kh7 43.f3 exf3+ 44.Kxf3 Rf7+ 45.Ke2 Kg6 46.Rb6+ Kg7 47.
Kd3 Re7 48.d5 Kh7 49.Kd4 Rf7 50.e4 Kg7 51.d6 1-0

[Event "12th Africa-ch"]
[Site "Kampala UGA"]
[Date "2016.07.19"]
[Round "4"]
[White "Silva, David"]
[Black "Bouah, Lyndon"]
[Result "1-0"]
[WhiteElo "2305"]
[BlackElo "2124"]
[EventDate "2016.07.17"]
[PlyCount "71"]

1.e4 c5 2.Nf3 Nc6 3.d4 cxd4 4.Nxd4 e5 5.Nb5 d6 6.c4 a6 7.N5c3 Nf6 8.Be2 
Be7 9.Be3 O-O 10.O-O Be6 11.Na3 Rc8 12.Rc1 Re8 13.h3 Bf8 14.Qd3 Ne7 15.Nd5
Ng6 16.b4 Nd7 17.Bg4 a5 18.bxa5 Qxa5 19.Nb5 Nc5 20.Bxc5 Rxc5 21.Bxe6 fxe6 
22.Ne3 Nf4 23.Qd1 d5 24.g3 Nxh3+ 25.Kg2 dxc4 26.a4 Ng5 27.Qh5 Nf7 28.Rh1 
h6 29.Qg6 Qxa4 30.Ng4 Be7 31.Nxh6+ Nxh6 32.Qxe8+ Bf8 33.Qxe6+ Nf7 34.Nd6 
Bxd6 35.Rh8+ Kxh8 36.Qxf7 1-0

[Event "12th Africa-ch"]
[Site "Kampala UGA"]
[Date "2016.07.19"]
[Round "4"]
[White "Panchol, James Madol"]
[Black "Wanyama, Harold"]
[Result "1-0"]
[WhiteElo "2037"]
[BlackElo "2269"]
[EventDate "2016.07.17"]
[PlyCount "79"]

1.e4 c5 2.Nf3 e6 3.d4 cxd4 4.Nxd4 a6 5.Bc4 Qc7 6.Bb3 Nf6 7.Qd3 d6 8.O-O 
Nbd7 9.Nc3 b5 10.Bg5 Bb7 11.Bxf6 Nxf6 12.a3 Rc8 13.Rad1 Qa5 14.f4 Rxc3 15.
bxc3 Bxe4 16.Qg3 Be7 17.f5 e5 18.Qxg7 Rf8 19.Nf3 Qxa3 20.Nd2 Bb7 21.Nf3 h6
22.Kh1 Qc5 23.h3 e4 24.Nd4 Qe5 25.Qxh6 Bd8 26.Qf4 Qc5 27.Bxf7+ Rxf7 28.Ne6
Qc8 29.Nxd8 Kxd8 30.Rxd6+ Nd7 31.Rfd1 Qxc3 32.f6 Bc6 33.Re6 Kc8 34.Rdd6 
Nb8 35.Re7 Rxe7 36.fxe7 Bd7 37.Qf8+ Kb7 38.Qf4 Qc8 39.Qxe4+ Kc7 40.Rxd7+ 
1-0

[Event "12th Africa-ch"]
[Site "Kampala UGA"]
[Date "2016.07.19"]
[Round "4"]
[White "Fidow, Kassim Hassan"]
[Black "Aguiar, Cristiano"]
[Result "0-1"]
[WhiteElo "1558"]
[BlackElo "2219"]
[EventDate "2016.07.17"]
[PlyCount "58"]

1.d4 Nf6 2.c4 e6 3.Nf3 d5 4.a3 c6 5.Bg5 dxc4 6.e3 b5 7.Be2 Nbd7 8.O-O Bb7 
9.a4 a6 10.axb5 cxb5 11.b3 cxb3 12.Qxb3 Bd6 13.Nc3 b4 14.e4 Rb8 15.Bxa6 
Bxa6 16.Rxa6 bxc3 17.Qxc3 Bb4 18.Qc6 Qc8 19.Qa4 O-O 20.Rc1 Qb7 21.e5 Ne4 
22.Rac6 Nxg5 23.Nxg5 Bd2 24.Nxh7 Bxc1 25.g4 Rfc8 26.d5 exd5 27.Rxc8+ Rxc8 
28.Qf4 d4 29.f3 Qb2 0-1

[Event "12th Africa-ch"]
[Site "Kampala UGA"]
[Date "2016.07.19"]
[Round "4"]
[White "Mohamud, Hussein Ali"]
[Black "Talbi, Chafik"]
[Result "0-1"]
[WhiteElo "1557"]
[BlackElo "2206"]
[EventDate "2016.07.17"]
[PlyCount "45"]

1.d4 Nf6 2.c4 e6 3.Nc3 d5 4.Nf3 dxc4 5.e4 a6 6.Bxc4 b5 7.Bd3 Bb7 8.a3 c5 
9.dxc5 Bxc5 10.b4 Be7 11.Bb2 Nbd7 12.O-O O-O 13.e5 Qb8 14.g3 Rd8 15.Qe2 
Ng4 16.Nd1 Ndxe5 17.Ne1 Qd6 18.Bxe5 Nxe5 19.Bc2 Qd4 20.Ra2 Rac8 21.Qe3 Qc4
22.Ra1 Bf6 23.Rc1 0-1

[Event "12th Africa-ch"]
[Site "Kampala UGA"]
[Date "2016.07.19"]
[Round "4"]
[White "Anquandah, Frances"]
[Black "Alberto, Manuel"]
[Result "0-1"]
[WhiteElo "2019"]
[BlackElo "2191"]
[EventDate "2016.07.17"]
[PlyCount "192"]

1.e4 e5 2.Nf3 Nc6 3.Bc4 Bc5 4.c3 Qf6 5.d3 h6 6.Be3 Bb6 7.a4 Nge7 8.b4 O-O 
9.a5 Bxe3 10.fxe3 d6 11.O-O Qg6 12.Ra2 Be6 13.Na3 d5 14.exd5 Nxd5 15.Bxd5 
Bxd5 16.Rd2 a6 17.e4 Be6 18.Qe1 Rad8 19.Nc2 Rfe8 20.Ne3 Qh5 21.Nh4 g6 22.
h3 Qg5 23.Rf3 Kh7 24.Qf2 Rf8 25.Nd5 Bxd5 26.exd5 Ne7 27.Rxf7+ Kg8 28.Rxf8+
Rxf8 29.Qe1 Nxd5 30.Re2 Nf4 31.Rxe5 Qf6 32.Re3 Qg5 33.Kh2 Qd5 34.d4 g5 35.
Nf3 Qa2 36.Qd2 Qxd2 37.Nxd2 Nd5 38.Rg3 Re8 39.h4 Kh7 40.hxg5 Re6 41.gxh6 
Kxh6 42.Rh3+ Kg7 43.Rh5 Nxc3 44.Rg5+ Kf6 45.Rc5 Nb5 46.Nf3 Re4 47.Rd5 Nd6 
48.Kh3 Re3 49.Rc5 Nb5 50.Kg4 Re4+ 51.Kh3 c6 52.g4 Nxd4 53.Rc4 Re3 54.Rxd4 
Rxf3+ 55.Kh4 Rb3 56.g5+ Kf5 57.Rg4 Rb1 58.Kh5 Rh1+ 59.Rh4 Rg1 60.Kh6 Rxg5 
61.Rd4 Rg6+ 62.Kh5 Rg1 63.Kh4 Ke6 64.Re4+ Kd7 65.Rd4+ Kc7 66.Rf4 Rg7 67.
Kh5 Kd6 68.Kh6 Ke5 69.Rh4 Rg3 70.Kh5 Kd5 71.Rf4 Rg7 72.Kh6 Rc7 73.Kg6 c5 
74.bxc5 Rxc5 75.Kf6 Rc4 76.Rf5+ Kc6 77.Rf1 Kb5 78.Rb1+ Kxa5 79.Rxb7 Re4 
80.Kf5 Re8 81.Kf4 Ka4 82.Rb1 a5 83.Ra1+ Kb4 84.Rb1+ Kc3 85.Rb7 a4 86.Rc7+ 
Kb3 87.Rb7+ Ka2 88.Kf3 a3 89.Rb6 Re1 90.Rb7 Ka1 91.Kf2 Rb1 92.Ra7 a2 93.
Ke3 Kb2 94.Rb7+ Ka3 95.Ra7+ Kb2 96.Rb7+ Kc3 0-1

[Event "12th Africa-ch"]
[Site "Kampala UGA"]
[Date "2016.07.21"]
[Round "5"]
[White "Arab, Adlane"]
[Black "Shoker, Samy"]
[Result "1-0"]
[WhiteElo "2431"]
[BlackElo "2607"]
[EventDate "2016.07.17"]
[PlyCount "49"]

1.d4 Nf6 2.c4 c5 3.d5 e6 4.Nc3 exd5 5.cxd5 d6 6.e4 g6 7.f4 Bg7 8.Bb5+ Nfd7
9.Nf3 a6 10.Bd3 b5 11.O-O Nb6 12.f5 b4 13.Ne2 N8d7 14.Bg5 Qc7 15.Qd2 c4 
16.Bc2 Bxb2 17.Rab1 c3 18.Qf4 a5 19.Ned4 Ba6 20.fxg6 hxg6 21.Rf2 Nc5 22.
Re1 a4 23.e5 Nxd5 24.exd6+ Kf8 25.Qe5 1-0